The Five theories of river management / (Record no. 42018)
[ view plain ]
| 000 -LEADER | |
|---|---|
| fixed length control field | 00659nam a22001937a 4500 |
| 005 - DATE AND TIME OF LATEST TRANSACTION | |
| control field | 2010081409199.0 |
| 010 ## - LCCN (DPL NO) | |
| LC control number | ENG-100561 |
| 020 ## - INTERNATIONAL STANDARD BOOK NUMBER | |
| Terms of availability | 180.00 |
| 035 ## - SYSTEM CONTROL NUMBER | |
| System control number | EN-84094 |
| 037 ## - SOURCE OF ACQUISITION | |
| Source of stock number/acquisition | DBAD/PUB |
| 082 ## - DEWEY DECIMAL CLASSIFICATION NUMBER | |
| Classification number | 628.112 |
| 100 ## - MAIN ENTRY--PERSONAL NAME | |
| Personal name | Choudhary,U K |
| 245 ## - TITLE STATEMENT | |
| Title | The Five theories of river management / |
| Statement of responsibility, etc | by U K Choudhary |
| 260 ## - PUBLICATION, DISTRIBUTION, ETC. (IMPRINT) | |
| Place of publication, distribution, etc | Varanasi |
| Name of publisher, distributor, etc | The Ganga Research Centre |
| Date of publication, distribution, etc | 2008 |
| 270 ## - ADDRESS | |
| Address | I T B H U |
| City | Varanasi |
| Postal code | 221005 |
| 300 ## - PHYSICAL DESCRIPTION | |
| Extent | 32p |
| Dimensions | 21cm(pbk) |
| 942 ## - ADDED ENTRY ELEMENTS (KOHA) | |
| Source of classification or shelving scheme | Dewey Decimal Classification |
| Item type | English Books |
| Classification part | 628.112 |
| Call number suffix | CHO |
| Withdrawn status | Lost status | Not for loan | Collection code | Home library | Current library | Date acquired | Source of acquisition | Cost, normal purchase price | Full call number | Barcode | Copy number | Cost, replacement price | Koha item type |
|---|---|---|---|---|---|---|---|---|---|---|---|---|---|
| Not For Loan | Non-fiction | D.B.Act.Division | D.B.Act.Division | 14/08/2010 | DBAD/PUB | 180.00 | 628.112 CHO | EN-84094 | 1 | 180.00 | English Books |
